|
|
|
|
| LEADER |
00000nam0a2200000 4500 |
| 001 |
71583 |
| 005 |
20231101212606.0 |
| 010 |
|
|
|a 5940103197
|
| 035 |
|
|
|a (RuTPU)RU\TPU\book\76289
|
| 090 |
|
|
|a 71583
|
| 100 |
|
|
|a 20041221d2004 m y0rusy50 ca
|
| 101 |
0 |
|
|a rus
|
| 102 |
|
|
|a RU
|
| 105 |
|
|
|a a j 001zy
|
| 200 |
1 |
|
|a Основы оптико-электронных измерений в фотонике
|e учебное пособие
|f В. С. Иванов [и др.]
|
| 210 |
|
|
|a Москва
|c Логос
|d 2004
|
| 215 |
|
|
|a 496 с.
|c ил.
|
| 225 |
1 |
|
|a Новая университетская библиотека
|
| 320 |
|
|
|a Библиогр.: с. 493-496.
|
| 606 |
1 |
|
|a Оптико-электронные приборы
|x Параметры
|x Измерение
|2 stltpush
|3 (RuTPU)RU\TPU\subj\47183
|9 66243
|
| 610 |
1 |
|
|a фотоника
|
| 610 |
1 |
|
|a оптико-электронные измерения
|
| 610 |
1 |
|
|a оптико-электрические преобразователи
|
| 610 |
1 |
|
|a физические величины
|
| 610 |
1 |
|
|a измерения
|
| 610 |
1 |
|
|a некогерентное оптическое излучение
|
| 610 |
1 |
|
|a спектрофотометрия
|
| 610 |
1 |
|
|a рефлактометрия
|
| 610 |
1 |
|
|a колориметрия
|
| 610 |
1 |
|
|a поляриметрия
|
| 610 |
1 |
|
|a лазерное излучение
|
| 610 |
1 |
|
|a энергетические величины
|
| 610 |
1 |
|
|a учебные пособия
|
| 675 |
|
|
|a 621.383.08(075.8)
|v 3
|
| 701 |
|
1 |
|a Иванов
|b В. С.
|
| 701 |
|
1 |
|a Золотаревский
|b Ю. М.
|
| 701 |
|
1 |
|a Котюк
|b А. Ф.
|
| 701 |
|
1 |
|a Либерман
|b А. А.
|
| 701 |
|
1 |
|a Саприцкий
|b В. И.
|
| 701 |
|
1 |
|a Столяревский
|b Р. И.
|
| 801 |
|
1 |
|a RU
|b 63413507
|c 20041221
|g PSBO
|
| 801 |
|
2 |
|a RU
|b 63413507
|c 20130619
|g PSBO
|
| 942 |
|
|
|c BK
|
| 959 |
|
|
|a 120/20051228
|d 1
|e 439,00
|f НФ:1
|